The Lego Movie Multiple Choice - Statistics

General Stats
  • This quiz has been taken 433 times
    331 since last reset
  • The average score is 8 of 10
Answer Stats
Question Answer % Correct
Where does Emmet work? The construction site
95%
What is the TV show run by President Business called? Where are my Pants
94%
What is the name of the day that President Business plans to freeze the universe on? Taco Tuesday
93%
What is the superweapon that can freeze the universe? Kragle
92%
What does Benny like to build? Spaceships
92%
Which superhero is NOT featured in The Lego Movie? Spiderman
86%
What does Wyldstyle build to escape from Bad Cop in the city? A motorbike
81%
Which realm has dragons? Middle Zealand
65%
Which Lego Ninjago ninja can be seen in Cloud Cuckoo Land? Lloyd
61%
What does Bad Cop use to break into Cloud Cuckoo Land? A golf ball
54%
No matching quizzes found
Score Distribution
Percent of People with Each Score
Percentile by Number Answered
Your Score History
You have not taken this quiz since the last reset